000 00787nas a2200265 4500
001 BR8201871
003 BR-BrBNA
005 20231205085119.0
007 ta
008 230509b bl.|||p| |||| 00| 00por d
040 _aBR-BrBNA
_bpor
_cBiblioteca Nacional de Agricultura
041 _a(Pt)
072 _aD50; E50
100 1 _aMarson, R.
245 1 _aOs acidentes de trabalho rural e um acordao do Tribunal de Alcada [Lei; Sao Paulo; Brasil]
650 _aLEI
650 _aACIDENTE
650 _aTRABALHO
650 _aTRABALHADOR RURAL
650 _aPREVIDENCIA RURAL
650 _aSAO PAULO
773 0 _tRevista dos Criadores (Brazil)
_xISSN 0034-9259
_g(Mar 1982), v. 51(626) p. 70-73
_wBR8201871
909 _a202311
_bLúcia
_c55
_dLúcia Elande
942 _2AGRIS
_n0
_cANA
999 _c109298
_d109298